Library Logo

Pioneer International University Library Catalogue

The Art of Presentation (Record no. 9870)

MARC details
000 -LEADER
fixed length control field 00375nam a22001457a 4500
003 - CONTROL NUMBER IDENTIFIER
control field OSt
005 - DATE AND TIME OF LATEST TRANSACTION
control field 20251204095457.0
008 - FIXED-LENGTH DATA ELEMENTS--GENERAL INFORMATION
fixed length control field 251204b |||||||| |||| 00| 0 eng d
020 ## - INTERNATIONAL STANDARD BOOK NUMBER
International Standard Book Number 97807768411393
040 ## - CATALOGING SOURCE
Transcribing agency Sound wisdom
050 ## - LIBRARY OF CONGRESS CALL NUMBER
Classification number PN4121 .H855 2017
245 ## - TITLE STATEMENT
Title The Art of Presentation
Statement of responsibility, etc. Hull, Ray H.
260 ## - PUBLICATION, DISTRIBUTION, ETC.
Place of publication, distribution, etc. Pennsylvania
Name of publisher, distributor, etc. Sound Wisdom
Date of publication, distribution, etc. 2017
942 ## - ADDED ENTRY ELEMENTS (KOHA)
Source of classification or shelving scheme Dewey Decimal Classification
Koha item type Books
Suppress in OPAC No
Holdings
Withdrawn status Lost status Source of classification or shelving scheme Damaged status Not for loan Home library Current library Date acquired Total checkouts Barcode Date last seen Price effective from Koha item type
    Library of Congress Classification     PIU Library PIU Library 12/04/2025   PIUDL887 12/04/2025 12/04/2025 Books